Normal view
MARC view
- تاليف رانجاناثان؛ تعريب سماء المحاسني ، شعبان عبدالعزيز خليفة ؛ تقديم يوسف داغر
Entry Personal Name
001 - CONTROL NUMBER
- control field: 39265
003 - CONTROL NUMBER IDENTIFIER
- control field: JO-AjAnu
005 - DATE AND TIME OF LATEST TRANSACTION
- control field: 20230606080531.0
008 - FIXED-LENGTH DATA ELEMENTS
- fixed length control field: 230606|| aca||aabn | a|a d
040 ## - CATALOGING SOURCE
- Original cataloging agency: JO-AjAnu
- Transcribing agency: JO-AjAnu
100 ## - HEADING--PERSONAL NAME
- Personal name: تاليف رانجاناثان؛ تعريب سماء المحاسني ، شعبان عبدالعزيز خليفة ؛ تقديم يوسف داغر
670 ## - SOURCE DATA FOUND
- Source citation: Work cat.: (JO-AjAnu)20137: تاليف رانجاناثان؛ تعريب سماء المحاسني ، شعبان عبدالعزيز خليفة ؛ تقديم يوسف داغر , author, تنظيم المكتبات